| 000 | 01187cam a2200361 i 4500 | ||
|---|---|---|---|
| 999 |
_c200454135 _d72347 |
||
| 003 | TR-AnTOB | ||
| 005 | 20230915161817.0 | ||
| 007 | ta | ||
| 008 | 230413s2002 tu d eng t t1 tutur | ||
| 020 | _a0911910182 | ||
| 022 | _200766526 | ||
| 022 | _29754112688 | ||
| 040 |
_aYÜCE _beng _erda _cYÜCE _dTR-AnTOB |
||
| 041 | 0 |
_atur _heng |
|
| 060 |
_aWB 39 _bM552 2002 |
||
| 096 |
_aWB 39 _bM552 2002m TıpFaK |
||
| 240 | 0 | 4 |
_aThe Merck manual of diagnosis and therapy. _lTurkish. |
| 245 | 0 | 4 |
_aThe Merck manual : _btanı ve tedavi el kitabı / _ceditörler Mark H. Beers, MD., Robert Berkow, MD. ; çeviri editorleri Prof.Dr. Zeynep Solakoğlu |
| 250 | _aOnyedinci edisyon | ||
| 264 | 1 |
_aİstanbul : _bNobel Tıp Kitabevleri, _c2002. |
|
| 300 |
_a2831 pages : _billustrations ; _c20 cm |
||
| 336 |
_atext _btxt _2rdacontent |
||
| 337 |
_aunmediated _bn _2rdamedia |
||
| 338 |
_avolume _bnc _2rdacarrier |
||
| 500 | _aIncludes index | ||
| 650 | 2 |
_aDiagnosis _9124477 |
|
| 650 | 2 |
_aTherapeutics _9120867 |
|
| 700 | 1 |
_aBeers, Mark H. _9124905 |
|
| 700 |
_aBerkow, Robert _9112553 |
||
| 710 | 2 |
_aMerck Research Laboratories _9141676 |
|
| 942 |
_2NLM _cBK |
||